|
|
|
|
| LEADER |
00719nam a22001817a 4500 |
| 082 |
|
|
|a 894.M3
|b THO/T J7
|
| 100 |
|
|
|a ടി എസ് തോമസ്;
|9 11049
|
| 100 |
|
|
|a T S Thomas
|9 11053
|
| 240 |
|
|
|a Theyilatthottam
|
| 245 |
|
|
|a തേയിലത്തോട്ടം
|
| 250 |
|
|
|a 1st
|
| 260 |
|
|
|a Kottayam;
|b Manorama Publishing House;
|c 1957
|
| 300 |
|
|
|a 139p.
|
| 650 |
|
|
|a മലയാളം; മലയാളം നോവല്
|9 11054
|
| 650 |
|
|
|a Malayalam; Malayalam Novel; Literature; Malayalam Fiction
|9 11055
|
| 942 |
|
|
|c BK
|
| 999 |
|
|
|c 32946
|d 32946
|
| 952 |
|
|
|0 0
|1 0
|4 0
|6 894_000000000000000_M3_THO_T_J7
|7 0
|8 FIC
|9 36422
|a MAL
|b MAL
|d 2015-05-12
|e 14988
|g 1.00
|l 0
|o 894.M3 THO/T J7
|p MAL014988
|r 2015-05-12
|t 1
|w 2015-05-12
|y BK
|